| 000 | 00654nam a2200217Ia 4500 | ||
|---|---|---|---|
| 005 | 20260429111905.0 | ||
| 008 | 260429s9999||||xx |||||||||||||| ||und|| | ||
| 020 | _a9783662562024 | ||
| 041 | _aEnglish | ||
| 082 |
_a551.0285 _bTRA |
||
| 100 | _aTrauth, Martin H. | ||
| 245 | 0 |
_aCollecting, processing and presenting geoscientific information : _bMATLAB and design recipes for earth sciences / _cMartin H. Trauth |
|
| 250 | _a2nd ed. | ||
| 260 |
_aGermany : _bSpringer, _c2018. |
||
| 300 | _axiii, 274 p.; hb | ||
| 650 | _a Geoscientific information | ||
| 650 | _a MATLAB | ||
| 650 | _aGeology | ||
| 700 | _a Sillmann, Elisabeth | ||
| 942 | _cTB | ||
| 999 |
_c51294 _d51294 |
||